El ferrocarril nacional de Honduras: su historia e incidencia sobre el desarrollo económico /
Gardado en:
| Autor Principal: | |
|---|---|
| Formato: | Texto |
| Idioma: | Spanish |
| Materias: | |
| Etiquetas: |
Engadir etiqueta
Sen Etiquetas, Sexa o primeiro en etiquetar este rexistro!
|
MARC
| LEADER | 00000 a a2200000 04500 | ||
|---|---|---|---|
| 001 | 42548 | ||
| 003 | cru CRAI/IIS | ||
| 005 | 20210421123257.0 | ||
| 008 | 210421b ||||| |||| 00| 0 spa d | ||
| 040 | |c cru CRAI/IIS | ||
| 100 | |a Morales, Jorge | ||
| 245 | |a El ferrocarril nacional de Honduras: |b su historia e incidencia sobre el desarrollo económico / |c Jorge Morales | ||
| 500 | |a Colección Centroamérica | ||
| 650 | |a FERROCARRILES | ||
| 650 | |a HONDURAS | ||
| 650 | |a DESARROLLO ECONOMICO | ||
| 650 | |a EXPLOTACION DE RECURSOS | ||
| 650 | |a EXPORTACIONES | ||
| 773 | |g volumen1, número2 ( , 1972), Páginas 7-44 | ||
| 773 | 0 | |0 18875 |9 5536 |a Universidad de Costa Rica. |d San José, Costa Rica: Universidad de Costa Rica. Consejo Superior Universitario Centroamericano, 1972- |o 13786 |t Estudios Sociales Centroamericanos / |x 03039676 | |
| 942 | |2 ddc |c PP | ||
| 999 | |c 32895 |d 32895 | ||
